00000000nam##2200000za#4500
0019.647880
003CaOODSP
00520200401055906
007ta
008150407|2000||||xxc|||||     f|0| 0 eng|d
020 |a0-662-29360-6
040 |aCaOODSP|beng
043 |an-cn---
0861 |aCi63-14/2000E
1101 |aCanada. |bCitizenship and Immigration Canada.
24510|aCanadian language benchmarks 2000 : |bEnglish as a second language -- for adults / |cby Grazyna PawlIkowska-Smith.
260 |aOttawa - Ontario : |bCitizenship and Immigration Canada |c2000.
300 |axiv, 186p. ; |c28 cm.
500 |a"The CLB document is primarily addressed to TESL (Teaching English as a Second Language) professionals at educational institutions in Canada: ESL instructors, program planners, curriculum/syllabus and language assessment designers and developers, and program administrators."--Page xiii.
5203 |aThe CLB document is primarily addressed to TESL (Teaching English as a Second Language) professionals at educational institutions in Canada: ESL instructors, program planners, curriculum/syllabus and language assessment designers and developers, and program administrators.--Page xiii
563 |aSpiral binding
590 |a00-47|b2000-11-24
69007|aEnglish second language|2gcpds
69007|aContinuing education|2gcpds
7201 |aPawlkowska-Smith, Grazyna
7760#|tCanadian language benchmarks 2000 : |w(CaOODSP)9.693747
986 |aC&I-405-09-00